| 000 | 01322nam a2200253Ia 4500 | ||
|---|---|---|---|
| 003 | OSt | ||
| 005 | 20210723112235.0 | ||
| 008 | 130821s1980 ck gr spa | ||
| 040 |
_aCo-BoUCM _bspa _cCO-JMCR |
||
| 041 | 0 | _aspa | |
| 082 | 0 | 4 |
_a330.986 / _bC766i _223 |
| 111 | 2 |
_aConvención Bancaria y de Instituciones Financieras :$c _n(18 : _d1980 : _cCartagena) _938661 |
|
| 245 | 1 | 0 |
_aIntegración nacional y modernización financiera / _cmemoria de la XVIII convención bancaria y de instituciones ; Asociación Bancaria de Colombia |
| 260 |
_aBogotá (Colombia) : _bLa asociación, _c1980. |
||
| 300 |
_a130 páginas ; _c23 cm. |
||
| 490 | 0 |
_aBanca ; _v80 |
|
| 505 | 0 |
_tLa política de estabilidad económica. / _rJulio César Turbay Ayala. -- _tLa integración nacional y modernización financiera. / _rAlfonso Dávila Ortiz. -- _tDos años después. / _rJaime García Parra. -- _tLa reorganización del sistema financiero. / _rJorge Mejía Salazar. -- _tLa concentración. / _rÁlvaro Gómez Hurtado. -- _tModelos de desarrollo económico en nuestra historia. / _rAugusto Espinosa Valderrama. |
|
| 650 | 0 | 4 |
_aDesarrollo económico _912956 |
| 650 | 0 | 4 |
_aEconomía _9174 |
| 650 | 0 | 4 |
_aFinanzas _97628 |
| 650 | 0 | 4 |
_aFinanzas _zColombia _97628 |
| 651 |
_aColombia _xAspectos econm̤icos _926606 |
||
| 942 |
_cBK _2ddc |
||
| 999 |
_c11961 _d11961 |
||